00659 2200229 4500001002100000005001700021008004100038020001800079035002400097082001200121090002200133245006600155260002700221300002900248500004900277650003100326850001300357980001500370985000600385986001500391999002300406YOGYA-0209000005668120090227034056.0 ind  a979-731-649-1 0010-020900000056681 a005.369 a005.369bApllDEP aAPLIKASI Pemetaan dan Database dengan MAPINFO Profesional 7,5 aYogyakartabAndic2005 avii,189 hlmbilusc23 cm aDiterbtkan bekerjasama dengan MADCOMS Madiun aMapinfo (Program komputer) aYOPDYOGM a10-05-2005 a1 aumiertrrre a2005-088 h CB-D.11